Los desafíos invisibles de ser madre o padre: manual de evaluación de las competencias y la resiliencia parental

Sábháilte in:
Sonraí bibleagrafaíochta
Príomhchruthaitheoirí: Barudy Labrín, Jorge (Údar), Dantagnan, Maryorie (Údar)
Formáid: LEABHAR
Teanga:Spáinnis
Foilsithe / Cruthaithe: Barcelona Gedisa 2010
Eagrán:1a. ed
Sraith:Colección Psicología
Ábhair:
Clibeanna: Cuir clib leis
Níl clibeanna ann, Bí ar an gcéad duine le clib a chur leis an taifead seo!

MARC

LEADER 00000cam a2200000 a 4500
001 UCG2554
003 CL-VaPUC
008 100715e20100500SP |||||||||||||||||spa|d
020 |a 9788497844871 
082 0 4 |a 362.7  |b BAR  |2 21 
100 |a Barudy Labrín, Jorge  |e author  |9 533717 
700 0 |a Dantagnan, Maryorie  |e author  |9 551020 
245 1 4 |a Los desafíos invisibles de ser madre o padre: manual de evaluación de las competencias y la resiliencia parental 
250 |a 1a. ed 
300 |a 398 p 
942 |c BK 
945 |d 20100715 00:00:00  |a dcastane 
260 |a Barcelona  |b Gedisa  |c 2010 
650 7 |a NIÑOS MALTRATADOS  |2 CL-VaPUC  |9 338785 
650 7 |a MALOS TRATOS  |2 CL-VaPUC  |9 338786 
650 0 |a Padres e hijos  |9 307753 
650 0 |a Desarrollo afectivo  |9 334359 
650 7 |a RELACIONES PADRES HIJOS  |2 CL-VaPUC  |9 308185 
583 |a last modification  |c 20120817 11:07:34  |k Rodrigo Vera 
490 0 |a Colección Psicología 
999 |c 341695  |d 341693 
952 |0 0  |1 0  |4 0  |6 362_700000000000000_BAR_2010  |7 0  |8 A  |9 437355  |a BIBEDU  |b BIBEDU  |d 2019-11-22  |i 4694597  |l 1  |m 1  |o 362.7 BAR 2010  |p 4694597  |r 2024-10-09  |s 2024-09-25  |w 2019-11-22  |y BK  |k EPE 
952 |0 0  |1 0  |4 0  |6 362_700000000000000_BAR_2010  |7 0  |8 A  |9 437356  |a BIBEDU  |b BIBEDU  |d 2019-11-22  |i 4694600  |o 362.7 BAR 2010  |p 4694600  |r 2019-11-22  |w 2019-11-22  |y BK  |k EPE 
952 |0 0  |1 0  |4 0  |6 362_700000000000000_BAR_2010  |7 0  |8 A  |9 437357  |a BIBGIM  |b BIBGIM  |d 2019-11-22  |i 4894561  |l 2  |m 5  |o 362.7 BAR 2010  |p 4894561  |r 2025-01-15  |s 2023-09-20  |w 2019-11-22  |y BK  |k SSL